Η υποκίνηση στο δημόσιο τομέα και ο ρόλος της ηγεσίας στην υποκίνηση των δημοσίων υπαλλήλων : πτυχιακή εργασία
Saved in:
| Main Author: | |
|---|---|
| Corporate Author: | |
| Other Authors: | |
| Format: | Thesis Book |
| Language: | Greek |
| Published: |
2010
|
| Subjects: | |
| Online Access: | http://hdl.handle.net/11610/13523 |
| Tags: |
Add Tag
No Tags, Be the first to tag this record!
|
MARC
| LEADER | 00000cam a2200000 i 4500 | ||
|---|---|---|---|
| 001 | 1/20292 | ||
| 008 | 120608s2010 gre d | ||
| 035 | |l 10112682 | ||
| 040 | |a GR-MY-UA |b gre |e aacr | ||
| 041 | 0 | |a gre | |
| 082 | 0 | |a 352.60495 |2 (22) | |
| 100 | 1 | |a Αναστασάκης, Θεμιστοκλής. | |
| 245 | 1 | 2 | |a Η υποκίνηση στο δημόσιο τομέα και ο ρόλος της ηγεσίας στην υποκίνηση των δημοσίων υπαλλήλων : |b πτυχιακή εργασία / |c Θεμιστοκλής Αναστασάκης ; επιβλέπουσα καθηγήτρια:Ελίνα Μέλιου |
| 260 | |c 2010 | ||
| 300 | |a 155 σ.; |b διαγρ.; |c 30 εκ. | ||
| 500 | |a Επιτροπή: Λ. Μαρούδας, Μ. Στογιαννίδου | ||
| 502 | # | # | |a Διατριβή (μεταπτυχιακή) – Πανεπιστήμιο Αιγαίου, Χίος, 2010. |
| 504 | |a Περιλαμβάνει βιβλιογραφία | ||
| 650 | 0 | 0 | |a Personnel management. |
| 650 | 0 | 0 | |a Public domain. |
| 650 | 0 | 0 | |a Public administration |z Greece. |
| 650 | 0 | 0 | |a Civil service |z Greece. |
| 650 | 0 | 0 | |a Employee motivation |x Law and legislation |z Greece. |
| 650 | 0 | 0 | |a Achievement motivation. |
| 650 | 0 | 0 | |a Dissertations, Academic |z Greece. |
| 700 | 1 | |a Μέλιου, Ελίνα. |4 ths | |
| 710 | 1 | |a Πανεπιστήμιο Αιγαίου |b Σχολή Επιστημών της Διοίκησης |b Τμήμα Διοίκησης Επιχειρήσεων |b Πρόγραμμα Μεταπτυχιακών Σπουδών στη Διοίκηση Επιχειρήσεων - M.B.A. | |
| 852 | |a INST |b CHIOS |c DIATR |e 20120608 |h 352.60495 ΑΝΑ |p 005200031783 |q 005200031783 |t MTXE |y 23 | ||
| 852 | |a INST |b CHIOS |c DIATR |e 20120611 |h 352.60495 ΑΝΑ |p 005200031784 |q 005200031784 |t MTXE |y 23 | ||
| 856 | |u http://hdl.handle.net/11610/13523 | ||
| 901 | |a BIBL2-2012-2 | ||
| 909 | |a Χ |b 149075 | ||
| 909 | |a Χ |b 149076 | ||
| 924 | |a ΑΝΑΣΤΑΣΑΚΗΣ |b ΘΕΜΙΣΤΟΚΛΗΣ |y ΧΙΟΣ |z 2010-09 | ||
| 970 | |a ΠΑΡΟΙΚΑΚΗ |b ΒΑΣΙΛΙΚΗ |z 2012/06/08 | ||